| 000 | 00461 a2200181 4500 | ||
|---|---|---|---|
| 005 | 20260409125052.0 | ||
| 008 | 260409b |||||||| |||| 00| 0 eng d | ||
| 020 |
_a9780415537780 _c£ 39.99 |
||
| 040 | _aMAIN | ||
| 082 |
_a822.3 _bE59J |
||
| 100 | _aFermor, Una Ellis | ||
| 245 | _aJacobean Drama: An Interpretation | ||
| 260 |
_bRoutledge _aOxon _c1936 |
||
| 300 | _axviii, 348 | ||
| 650 | _aEnglish Literature | ||
| 650 | _aEnglish Drama | ||
| 942 | _cBK | ||
| 999 |
_c396463 _d396463 |
||